MDQL
is popping MORE tags! Check the
thread
!
Quizzes
Events
Quiz Creation
Community
Videos
Private Events
Remove Ads
Sign In
Join for FREE
Feedback
Dark Mode
Quiz Categories
Sports
Geography
Music
Movies
Television
Just For Fun
Miscellaneous
History
Literature
Language
Science
Gaming
Entertainment
Religion
Holiday
For Kids
Quiz Lab
Recent
Popular Today
Quiz Kudos Today
Editor Picks
Curator Picks
Quizzes by...
Day
Popularity
Type
Ratings
Length
Year
Community
Subscriptions
Recent Discussions
Orange Saloon
Badges
Playlists
Quests
Create
Leaderboards
Showdown
Live 5
Trivia Bingo
Activity
Puzzle Library
Sporcle Events
Private Events
Virtual Trivia
Globe League
Become a Host
Pub Owners
SporcleCon
Opinionation
Our Games
Videos
Blog
Mobile Apps
Partnerships
Remove Ads and Go Orange
Feedback
Entertainment
Celebrity
Famous
Musical
Broadway
Show
Quote
Comic Books
Anime
Superhero
DC Comics
Marvel
Cartoons
Animation
Entertainment
Celebrity
Famous
Musical
Broadway
Show
Quote
Comic Books
Anime
Superhero
DC Comics
Marvel
Cartoons
Animation
Random Quiz
Search Sporcle
×
Quiz Lab
Quiz Lab
Entertainment
Numbers
Type in answers that appear in a list
Type in answers that appear in a list
Classic
Best Score? Go Orange.
Trilogies, Sagas and Continuing Adventures Stats
Can you name the movie franchises that contain 3 or more films?
By
TubeChat
15m
121 Questions
365 Plays
365 Plays
365 Plays
Comments
Comments
Give Quiz Kudos
Give Quiz Kudos
-
- Ratings
hide this ad
More Info
Replay
Link that replays current quiz
Next Quiz
Link to next quiz in quiz playlist
You Got
0%
They Got
Avg Score
34%
Avg Friend Score
Upgrade to see
Score Distribution
Jump to the score distribution portion of the page
Score
0/121
Timer
15:00
0
Plays Today
Number of Movies - Genre
Franchise (Movie/Character)
% Correct
8 -
Fantasy/
Adventure/
Drama
Harry Potter
94%
25 -
Spy/
Action
James Bond
93.7%
11 -
Sci-
Fi
Star Wars
93.3%
12 -
Sci-
Fi
Star Trek
89.4%
8 -
Hero/
Action
X-Men
87.2%
5 -
Sci-
Fi/
Adventure/
Drama
Jurassic Park
86.7%
9 -
Hero/
Action
Batman
83.9%
4 -
Action/
Adventure
Indiana Jones
83.6%
5 -
Fantasy/
Drama/
Romance
Twilight
83.3%
5 -
Fantays/
Adventure
Lord of the Rings\Hobbit
83%
5 -
Suspense/
Horror/
Thriller
Child's Play
82.7%
3 -
Animation
Toy Story
81.9%
9 -
Action/
Drama
Fast and Furious
80%
3 -
Hero/
Action
Captain America
80%
4 -
Action/
Suspense/
Thriller
Hunger Games
78.3%
5 -
Action/
Crime
Die Hard
77.6%
3 -
Sci-
Fi/
Action
The Matrix
77.3%
6 -
Sport/
Drama
Rocky Balboa
76.7%
3 -
Spy/
Comedy
Austin Powers
76.7%
9 -
Horror/
Suspense/
Thriller
A Nightmare on Elm Street
75.3%
6 -
Action/
Fantasy/
Drama
Transformers
73.3%
5 -
Animation
Ice Age
73.3%
3 -
Animation
Cars
73.3%
3 -
Adult Humor
Friday
72.9%
6 -
Action/
Adventure
Pirates of the Caribbean
71.8%
11 -
Horror/
Suspense/
Thriller
Halloween
69.9%
4 -
Animation/
Comedy
Shrek
69.6%
8 -
Comedy/
Teen
American Pie
67.7%
6 -
Sci-
Fi/
Action/
Thriller
Terminator
66.7%
5 -
Action/
Thriller
Rambo
66.7%
3 -
Holiday/
Family
The Santa Clause
65.8%
4 -
Hero/
Action
Spiderman
64.6%
9 -
Sci-
Fi/
Horror
Alien\Predator
64.1%
12 -
Horror/
Suspense/
Thriller
Friday the 13th
63.8%
3 -
Adult Comedy/
Adventure
The Hangover
63.4%
7 -
Crime/
Humor
Police Academy
61.6%
3 -
Comedy/
Adventure
Ace Ventura
61.4%
7 -
Action/
Adventure/
Fanatsy
The Mummy
60%
5 -
Action/
Adventure/
Mystery
Jason Bourne
60%
3 -
Action/
Suspense
Lara Croft
60%
4 -
Action/
Sci-
Fi
Men In Black
60%
Number of Movies - Genre
Franchise (Movie/Character)
% Correct
8 -
Suspense/
Thriller/
Horror
Saw
59.5%
7 -
Sci-
Fi/
Drama
Planet of the Apes
57.6%
3 -
Hero/
Action
Iron Man
54%
3 -
Gangster Drama
The Godfather
53.4%
3 -
Comedy/
Parody/
Crime
Naked Gun
53.4%
3 -
Action/
Thriller
Blade
53.4%
3 -
Action/
Suspense
Jumanji
53.3%
3 -
Comedy
Legally Blonde
53.3%
4 -
Action/
Adventure/
Comedy
Spy Kids
53.3%
3 -
Family
Mighty Ducks
52.6%
4 -
Horror/
Crime/
Thriller
Hannibal Lecter
52.3%
5 -
Comedy/
Parody
Scary Movie
50.3%
5 -
Action/
Drama/
Thriller
Jack Ryan
50.3%
9 -
Adventure/
Comedy/
Crime
Pink Panther
47.1%
3 -
Animation
Despicable Me
46.7%
6 -
Suspense/
Thriller
Resident Evil
46.1%
3 -
Horror/
Thriller
Evil Dead
45.8%
5 -
Crime/
Drama
Dirty Harry
45.8%
3 -
Sci-
Fi/
Family/
Adventure
Back to the Future
45.5%
5 -
Comedy
Monty Python
43.8%
4 -
Action/
Crime
Lethal Weapon
42.7%
8 -
Hero/
Action
Superman
42.7%
5 -
Suspense/
Thriller/
Sci-
Fi
Poltergeist
40.3%
6 -
Spy/
Action
Mission Impossible
40%
3 -
Action/
Crime
Bad Boys
40%
3 -
Comedy
Dumb and Dumber
40%
4 -
Action/
Humor
Ghostbusters
40%
4 -
Action/
Suspense
Jaws
40%
3 -
Action/
Drama/
Thriller
John Wick
40%
3 -
Comedy
Pitch Perfect
40%
6 -
Horror/
Suspense/
Thriller
Underworld
39.1%
3 -
Sports/
Humor
Major League
36.7%
6 -
Family Humor
National Lampoons Vacation
36.6%
8 -
Horror/
Thriller
Hellraiser
36.2%
4 -
Horror/
Suspense
Scream
34.8%
3 -
Adut Humor
Harold and Kumar
33.3%
3 -
Crime/
Humor/
Action
Rush Hour
33.2%
5 -
Crime/
Thriller
Ocean's
31.2%
3 -
Family
Addams Family
30.7%
3 -
Comedy/
Romance
Greg Focker
28.5%
3 -
Action/
Suspense/
Drama
Maze Runner
26.7%
Number of Movies - Genre
Franchise (Movie/Character)
% Correct
4 -
Horror/
Thriller
The Purge
26.7%
3 -
Western/
Action
The Man With No Name
25.5%
5 -
Action/
Family/
Drama
Karate Kid
25.2%
5 -
Reality/
Adult Humor
Jackass
24.8%
3 -
Action/
Suspense
Expendables
23.9%
4 -
Sci-
Fi/
Action/
Adventure
Mad Max
22.2%
5 -
Horror/
Thriller
Final Destination
20.8%
4 -
Action/
Drama/
Suspense
Airport
20%
3 -
Action/
Humor
Johnny English
20%
3 -
Crime/
Action/
Humor
Beverly Hills Cop
19.5%
3 -
Action/
Suspense
Taken
18.7%
4 -
Crime/
Drama
Robocop
17.5%
3 -
Adult Comedy
Porky's
14.5%
4 -
Comedy/
Adventure
Revenge of the Nerds
13.7%
4 -
Sports/
Humor
Bad News Bears
13.7%
3 -
Comedy/
Drama
Look Who's Talking
13.3%
3 -
Action/
Humor
Night at the Museum
13.3%
6 -
Comedy/
Horror
Tremors
13.3%
3 -
Action/
Suspense
The Transporter
13.3%
6 -
Horror/
Mystery
Living Dead
11.5%
7 -
Adult Humor
Cheech & Chong
11.5%
8 -
Suspense/
Horror/
Thriller
Amityville Horror
10.7%
3 -
Family/
Drama
Problem Child
10.4%
5 -
Suspense/
Action/
Drama
Death Wish
9%
4 -
Adult Humor
Barbershop
6.7%
3 -
Animation
Hotel Transylvania
6.7%
4 -
Comedy
Meatballs
6.7%
3 -
Action/
Comedy
Smokey and the Bandit
6.3%
3 -
Action/
Comedy
Cannonball Run
4.9%
3 -
Family
Oh God
4.4%
3 -
Suspense/
Horror/
Thriller
Cube
3.6%
5 -
Children/
Foreign
Pippi Longstocking
3.6%
3 -
Family Humor
Brady Bunch
2.5%
3 -
Drama/
Romance
9 1
1.1%
3 -
Action/
Suspense
Escape Plan
0%
3 -
Action/
Drama/
Suspense
Fallen
0%
4 -
Action/
Drama
Iron Eagle
0%
4 -
Action/
Adventure/
Sci-
Fi
Starship Troopers
0%
3 -
Actikon/
Thriller
Turbulence
0%
Quiz Playlist
Details
Report
Send in Message
Add To Playlist
More Info:
Current as of 4/16/20 including upcoming movies this year.
Classic:
Type in answers that appear in a list
Last Updated: Jul 19, 2021
Quiz Scoreboard
CHALLENGE
Sign Up to Join the Scoreboard
Show All
Scores
Hide
Comments
May contain spoilers
Recently Published
Find the 'City' Movie
by crazypaving
Movies
60s
5x2 Blitz: Bands
by SL_Kpop136
Music
30s
Colored Red Africa Blitz
by spor1
Geography
30s
More to Explore
Quiz From the Vault
Featured Blog Post
14 Easter Pick-up Lines to Find Eggs With
hide this ad
You Might Also Like...
Tags
Numbers Quiz
Adventure
Character
Continuing
franchise
genre
saga
Trilogy
Today's Top Quizzes in Entertainment
Browse Entertainment
hide this ad
Today's Top Quizzes in Numbers
Browse Numbers
Top Contributed Quizzes in Entertainment
1
Dragon Ball Z: Goku's Fights in Order
2
Celebrity Spelling Bee
3
Fairy Tail 12-1
4
Marvel Characters Bunker
5
X-Men: 10 to 1
6
'Dear Evan Hansen' Start to Finish
7
Click the 'C' Cartoon Characters II
8
Homestuck Ship Identification (Part 1)
9
How well do you know BTS?
10
Obscure Knowledge - 7 Dirty Words
Explore More
Trending Topics
Kpop
Harry Potter
Marvel
NBA
Crossword
Disney
Anime
Song
WWE
Puzzle
NFL
Pokémon
The Office
Country
Soccer
hide this ad
More By:
TubeChat
Quiz
Plays
Rating
Category
Featured
Created
20 Famous Movie Weddings
54,947
4.34
Movies
Apr 9, 2011
16 Animated Kids
45,920
4.32
Entertainment
Jun 9, 2011
Star Trek Casts
40,169
4.28
Television
Apr 7, 2010
16 Fictional Primates
23,703
4.13
Entertainment
Jan 5, 2011
Harry Potter Pics 3
3,134
3.74
Entertainment
Sep 13, 2010
Go to Creator's Profile
Score Distribution
Quiz Creator Spotlight
TubeChat
Follow
Send a Message
Quizzes Created
-
Created Quiz Play Count
-
More By This Creator
Popular Quizzes Today
1
5x2 Blitz: Bands
2
Find the 'City' Movie
3
Colored Red Africa Blitz
4
Find the US States - No Outlines Minefield
5
The Countries of the World
6
Find the US States
7
9x9 Crossword: Cartoon Network
8
US States
More Entertainment Quizzes
Superhero Shoes
Published
Trending Quizzes
Colored Red Africa Blitz II
Colored Red Europe Blitz I
Christmas Pick: Judaism
Colored Red Africa Blitz III
Colored Red Europe Blitz II
Recently Updated
Champions League XIs: Real Madrid
pecheneg
Largest US Cities 1790-2010
pecheneg
Rides in Walt Disney World
pecheneg
Most Oscar Losses (Acting)
pecheneg
Beyoncé Albums
pecheneg
Leaping Animals
pecheneg
Reality TV Shows (A-Z)
bhenderson79
Rickey Henderson's Hall of Fame Teammates
pecheneg
Champions League XIs: Arsenal
pecheneg
Quick Pick: Celebrities in WWE's Hall of Fame
aduchscher
Trending Topics
Disney
Marvel
Kpop
NBA
Crossword
Anime
Harry Potter
Puzzle
The Office
Pokémon
WWE
Country
NFL
Soccer
Song
Your Account Isn't Verified!
In order to create a playlist on Sporcle, you need to verify the email address you used during registration. Go to your
Sporcle Settings
to finish the process.
Report this User
Report this user for behavior that violates our
Community Guidelines
.
Details:
Send Report
Go to the Sporcle.com Mobile Site →
Comments